[Event "Commonwealth Championship 3rd"]
[Site "Docklands, London"]
[Date "1985.02.22"]
[Round "7"]
[White "Thipsay, Praveen Mahadeo"]
[Black "Bellin, Robert"]
[Result "1/2-1/2"]
[WhiteElo "2470"]
[BlackElo "2390"]
[PlyCount "85"]
[EventDate "1985.02.16"]
[EventType "swiss"]
[EventRounds "11"]
[EventCountry "ENG"]
[SourceTitle "BritBase"]
[Source "John Saunders"]
[SourceDate "2022.12.30"]
[SourceVersion "1"]
[SourceVersionDate "2022.12.30"]
[SourceQuality "1"]

1. e4 c5 2. Nf3 d6 3. d4 cxd4 4. Nxd4 Nf6 5. Nc3 Nc6 6. Bg5 e6 7. Qd2 a6 8.
O-O-O h6 9. Bf4 Bd7 10. Nxc6 Bxc6 11. Qe1 Nh5 12. Be3 Qa5 13. f3 Nf6 14. g4 b5
15. Kb1 Rc8 16. h4 b4 17. Ne2 Nxe4 18. Nd4 Nf6 19. Bd2 Bd5 20. b3 Rb8 21. Bh3
Qc5 22. Be3 Qc3 23. Qf2 Bb7 24. g5 Nd5 25. Rd3 Qc7 26. g6 e5 27. Re1 exd4 28.
Bg5+ Be7 29. gxf7+ Kf8 30. Bxe7+ Nxe7 31. Qxd4 Nd5 32. Be6 Nf6 33. f4 Qc5 34.
Qxd6+ Qxd6 35. Rxd6 g6 36. Bc4 Ne4 37. Rxg6 Nd2+ 38. Kb2 Nxc4+ 39. bxc4 Kxf7
40. Ree6 Bf3 41. Rgf6+ Kg7 42. Rg6+ Kf7 43. Rgf6+ 1/2-1/2

[Event "Commonwealth Championship 3rd"]
[Site "Docklands, London"]
[Date "1985.02.23"]
[Round "8"]
[White "Barber, Haydn"]
[Black "Martin, Andrew D"]
[Result "0-1"]
[WhiteElo "2270"]
[BlackElo "2425"]
[PlyCount "58"]
[EventDate "1985.02.16"]
[EventType "swiss"]
[EventRounds "11"]
[EventCountry "ENG"]
[SourceTitle "BritBase"]
[Source "John Saunders"]
[SourceDate "2022.12.30"]
[SourceVersion "1"]
[SourceVersionDate "2022.12.30"]
[SourceQuality "1"]

1. e4 e6 2. d4 d5 3. Nc3 Bb4 4. a3 Bxc3+ 5. bxc3 dxe4 6. Qg4 Nf6 7. Qxg7 Rg8 8.
Qh6 Nbd7 9. Ne2 b6 10. Bb2 Bb7 11. O-O-O Ng4 12. Qf4 Qg5 13. Rd2 Nxf2 14. Qxc7
e3 15. Rd1 Ba6 16. Rg1 Nxd1 17. Kxd1 Qf5 18. Rh1 Qf2 19. Qc6 Rc8 20. Qf3 Qxf3
21. gxf3 Nf6 22. Nf4 Bxf1 23. Rxf1 Nd5 24. Nxd5 exd5 25. Re1 Kd7 26. Rxe3 Rce8
27. Rxe8 Kxe8 28. a4 Rg2 29. Bc1 Rxh2 0-1

[Event "Commonwealth Championship 3rd"]
[Site "Docklands, London"]
[Date "1985.02.23"]
[Round "8"]
[White "Bellin, Robert"]
[Black "Speelman, Jonathan S"]
[Result "1/2-1/2"]
[WhiteElo "2390"]
[BlackElo "2530"]
[PlyCount "151"]
[EventDate "1985.02.16"]
[EventType "swiss"]
[EventRounds "11"]
[EventCountry "ENG"]
[SourceTitle "BritBase"]
[Source "John Saunders"]
[SourceDate "2022.12.30"]
[SourceVersion "1"]
[SourceVersionDate "2022.12.30"]
[SourceQuality "1"]

1. Nf3 Nf6 2. g3 d5 3. Bg2 c6 4. O-O Bg4 5. b3 e6 6. Bb2 Nbd7 7. d3 Bc5 8. Nbd2
O-O 9. Qe1 Re8 10. e4 e5 11. h3 Bh5 12. Nh4 Nf8 13. Bf3 Bg6 14. Qe2 Ne6 15.
Nxg6 hxg6 16. Bxe5 Bd4 17. Bxd4 Nxd4 18. Qd1 Qa5 19. Bg2 Qc3 20. Nf3 Nxf3+ 21.
Qxf3 dxe4 22. dxe4 Nxe4 23. Rfd1 Qb2 24. Kh2 Re6 25. Re1 Rae8 26. Qd1 Nf6 27.
Rxe6 Rxe6 28. Rb1 Qa3 29. Kg1 Rd6 30. Qc1 Qc5 31. b4 Qc4 32. Bf1 Qd4 33. Bg2 a6
34. c3 Qd3 35. Rb2 Qd1+ 36. Qxd1 Rxd1+ 37. Kh2 Rc1 38. Rb3 Rc2 39. a4 Rxf2 40.
b5 axb5 41. axb5 Nd5 42. Kg1 Rc2 43. bxc6 bxc6 44. Rb8+ Kh7 45. Rc8 Ne3 46.
Bxc6 Rxc3 47. Bb7 Rxc8 48. Bxc8 g5 49. Kf2 Nc4 50. Ba6 Ne5 51. Ke3 Kg6 52. Ke4
Kf6 53. Kd4 Nc6+ 54. Ke4 Ne7 55. Bd3 Nc8 56. Kd5 Ne7+ 57. Ke4 Nf5 58. Kf3 Nh6
59. Ke4 Ke7 60. Ke5 f6+ 61. Kd5 Nf7 62. Bc2 Nd6 63. Bg6 Nb5 64. Bh5 Nc7+ 65.
Kc6 Ne6 66. Kd5 Nf8 67. Bd1 f5 68. Ke5 g6 69. h4 Nd7+ 70. Kd4 gxh4 71. gxh4 Kf6
72. Ba4 Ne5 73. Ke3 Kg7 74. Kf4 Nd3+ 75. Ke3 Nc5 76. Bb5 1/2-1/2

[Event "Commonwealth Championship 3rd"]
[Site "Docklands, London"]
[Date "1985.02.23"]
[Round "8"]
[White "Hanreck, Alan E"]
[Black "Jones, Iolo Cerredig"]
[Result "1/2-1/2"]
[WhiteElo "2275"]
[BlackElo "2250"]
[PlyCount "37"]
[EventDate "1985.02.16"]
[EventType "swiss"]
[EventRounds "11"]
[EventCountry "ENG"]
[SourceTitle "BritBase"]
[Source "John Saunders"]
[SourceDate "2022.12.30"]
[SourceVersion "1"]
[SourceVersionDate "2022.12.30"]
[SourceQuality "1"]

1. c4 d6 2. Nc3 Nf6 3. g3 e5 4. Bg2 Be7 5. d3 O-O 6. Nh3 c6 7. f4 Qb6 8. Na4
Qc7 9. O-O d5 10. fxe5 Qxe5 11. d4 Qc7 12. Bf4 Qd8 13. c5 Ne4 14. Nc3 f5 15.
Qb3 Kh8 16. Be3 Nd7 17. Nf4 Ndf6 18. Bf3 Qe8 19. Nd1 1/2-1/2

[Event "Commonwealth Championship 3rd"]
[Site "Docklands, London"]
[Date "1985.02.23"]
[Round "8"]
[White "Hebden, Mark L"]
[Black "Thipsay, Praveen Mahadeo"]
[Result "0-1"]
[WhiteElo "2480"]
[BlackElo "2470"]
[PlyCount "76"]
[EventDate "1985.02.16"]
[EventType "swiss"]
[EventRounds "11"]
[EventCountry "ENG"]
[SourceTitle "BritBase"]
[Source "John Saunders"]
[SourceDate "2022.12.30"]
[SourceVersion "1"]
[SourceVersionDate "2022.12.30"]
[SourceQuality "1"]

1. e4 e5 2. f4 exf4 3. Nf3 d6 4. d4 g5 5. h4 g4 6. Ng1 Bh6 7. Nc3 Nf6 8. Nge2
d5 9. e5 Nh5 10. g3 Nc6 11. Nxf4 Nxf4 12. Bxf4 Bxf4 13. gxf4 Ne7 14. h5 Rg8 15.
Qd2 Bf5 16. O-O-O Qd7 17. Rg1 O-O-O 18. Rg3 Qe6 19. Na4 b6 20. Ba6+ Kb8 21.
Rdg1 Qh6 22. Nc3 Qxh5 23. Nb5 Qg6 24. Qb4 Nc6 25. Qa4 Bd7 26. Qa3 h5 27. Rc3 h4
28. b4 Qh6 29. e6 Qxe6 30. Qa4 Qf6 31. Rd1 g3 32. Ra3 g2 33. Nxa7 Na5 34. Nb5
g1=Q 35. bxa5 Qxf4+ 36. Kb2 Qxd1 37. axb6 Qa1+ 38. Kb3 Qb1+ 0-1

[Event "Commonwealth Championship 3rd"]
[Site "Docklands, London"]
[Date "1985.02.23"]
[Round "8"]
[White "Johansen, Darryl Keith"]
[Black "Davies, Nigel Rodney"]
[Result "1/2-1/2"]
[WhiteElo "2425"]
[BlackElo "2355"]
[PlyCount "59"]
[EventDate "1985.02.16"]
[EventType "swiss"]
[EventRounds "11"]
[EventCountry "ENG"]
[SourceTitle "BritBase"]
[Source "John Saunders"]
[SourceDate "2022.12.30"]
[SourceVersion "1"]
[SourceVersionDate "2022.12.30"]
[SourceQuality "1"]

1. Nc3 g6 2. d4 Bg7 3. e4 d6 4. Be3 Nf6 5. Qd2 c6 6. Nf3 b5 7. Bd3 Nbd7 8. Bh6
Bxh6 9. Qxh6 e5 10. h3 Qe7 11. O-O Qf8 12. Qd2 Qe7 13. a4 b4 14. Ne2 a5 15. c3
O-O 16. cxb4 axb4 17. Ng3 (17. Qxb4 c5 18. dxc5 Nxc5 $11) 17... c5 18. d5 Ne8
19. Qc2 Ng7 20. Nd2 h5 21. Rae1 h4 22. Ne2 Nh5 23. b3 Nf4 24. Bb5 Ba6 25. Bxa6
Rxa6 26. Nc4 Qg5 27. Nxf4 exf4 28. Qe2 f6 29. Kh1 Rfa8 30. Rc1 1/2-1/2

[Event "Commonwealth Championship 3rd"]
[Site "Docklands, London"]
[Date "1985.02.23"]
[Round "8"]
[White "Littlewood, Paul E"]
[Black "Orr, Mark JL"]
[Result "1-0"]
[WhiteElo "2445"]
[BlackElo "2320"]
[PlyCount "91"]
[EventDate "1985.02.16"]
[EventType "swiss"]
[EventRounds "11"]
[EventCountry "ENG"]
[SourceTitle "BritBase"]
[Source "John Saunders"]
[SourceDate "2022.12.30"]
[SourceVersion "1"]
[SourceVersionDate "2022.12.30"]
[SourceQuality "1"]

1. d4 Nf6 2. c4 e6 3. Nf3 Bb4+ 4. Bd2 Bxd2+ 5. Qxd2 d5 6. Nc3 O-O 7. g3 dxc4 8.
Ne5 c5 9. Rd1 cxd4 10. Qxd4 Qxd4 11. Rxd4 Nbd7 12. Nxc4 b6 13. Bg2 Rb8 14. Nd6
Nc5 15. b4 Nb7 16. Ndb5 e5 17. Rc4 a6 18. Na7 Nd6 19. Rc7 Bb7 20. O-O Bxg2 21.
Kxg2 Rb7 22. Rxb7 Nxb7 23. Rc1 a5 24. Na4 axb4 25. Nxb6 Ne4 26. Nd5 f6 27. Nxb4
Nec5 28. Nbc6 Ra8 29. f4 exf4 30. gxf4 Ne6 31. f5 Nec5 32. Kf3 Kf7 33. Rc4 g6
34. e4 Nd7 35. Rd4 Nbc5 36. Rd5 Ne5+ 37. Nxe5+ fxe5 38. Nb5 Na6 39. Rxe5 Nb4
40. a3 Nc2 41. Kf4 Nxa3 42. Nd6+ Kf8 43. f6 Rd8 44. Re6 Nb1 45. f7 Rxd6 46.
Rxd6 1-0

[Event "Commonwealth Championship 3rd"]
[Site "Docklands, London"]
[Date "1985.02.23"]
[Round "8"]
[White "Murshed, Niaz"]
[Black "Norwood, David"]
[Result "1/2-1/2"]
[WhiteElo "2415"]
[BlackElo "2335"]
[PlyCount "73"]
[EventDate "1985.02.16"]
[EventType "swiss"]
[EventRounds "11"]
[EventCountry "ENG"]
[SourceTitle "BritBase"]
[Source "John Saunders"]
[SourceDate "2022.12.30"]
[SourceVersion "1"]
[SourceVersionDate "2022.12.30"]
[SourceQuality "1"]

1. d4 Nf6 2. Nf3 e6 3. c4 c5 4. e3 cxd4 5. exd4 d5 6. a3 Be7 7. Nc3 O-O 8. Bd3
b6 9. cxd5 Nxd5 10. Nxd5 exd5 11. Ne5 Bf6 12. O-O Ba6 13. f4 Bxd3 14. Qxd3 Qd6
15. b4 a6 16. Be3 Nd7 17. Rac1 b5 18. Qf5 Nb6 19. Rc6 Bxe5 20. Rxd6 Bxd6 21.
Rf3 Rae8 22. Rh3 g6 23. Qf6 Nc4 24. Bf2 Re6 25. Qh4 h5 26. f5 Be7 27. Qg3 Rc6
28. Qf4 g5 29. Qf3 Rfc8 30. Qxh5 Bf6 31. Qh7+ Kf8 32. Rh6 Re8 33. h4 g4 34. h5
Nd2 35. Rxf6 Rc1+ 36. Kh2 Nf1+ 37. Kg1 1/2-1/2

[Event "Commonwealth Championship 3rd"]
[Site "Docklands, London"]
[Date "1985.02.23"]
[Round "8"]
[White "Nunn, John DM"]
[Black "Spraggett, Kevin"]
[Result "1/2-1/2"]
[WhiteElo "2615"]
[BlackElo "2560"]
[PlyCount "54"]
[EventDate "1985.02.16"]
[EventType "swiss"]
[EventRounds "11"]
[EventCountry "ENG"]
[SourceTitle "BritBase"]
[Source "John Saunders"]
[SourceDate "2022.12.30"]
[SourceVersion "1"]
[SourceVersionDate "2022.12.30"]
[SourceQuality "1"]

1. e4 c5 2. Nf3 e6 3. d4 cxd4 4. Nxd4 Nf6 5. Nc3 d6 6. g4 h6 7. h4 Be7 8. Rg1
d5 9. Bf4 a6 10. exd5 Nxd5 11. Nxd5 Qxd5 12. Bg2 Qa5+ 13. c3 e5 14. Nb3 Qc7 15.
Bg3 Be6 16. Nd4 Bc4 17. Qa4+ Nd7 18. O-O-O b5 19. Qc2 Rc8 20. Nc6 Bf6 21. Kb1
Be6 22. Qe2 Kf8 23. Qe4 g6 24. Qb4+ Kg7 25. Ka1 Rhe8 26. f4 a5 27. Nxa5 Be7
1/2-1/2

[Event "Commonwealth Championship 3rd"]
[Site "Docklands, London"]
[Date "1985.02.23"]
[Round "8"]
[White "Sathe, Bhagyashree"]
[Black "Caiafas, Theophilus"]
[Result "0-1"]
[WhiteElo "2075"]
[BlackElo "2005"]
[PlyCount "70"]
[EventDate "1985.02.16"]
[EventType "swiss"]
[EventRounds "11"]
[EventCountry "ENG"]
[SourceTitle "BritBase"]
[Source "John Saunders"]
[SourceDate "2022.12.30"]
[SourceVersion "1"]
[SourceVersionDate "2022.12.30"]
[SourceQuality "1"]

1. e4 c5 2. Nf3 d6 3. d4 cxd4 4. Nxd4 Nf6 5. Nc3 e6 6. Be2 Be7 7. O-O O-O 8.
Be3 a6 9. f4 Qc7 10. Qe1 b5 11. a3 e5 12. Nb3 Be6 13. Nd2 exf4 14. Rxf4 Nc6 15.
Nb3 d5 16. exd5 Nxd5 17. Nxd5 Bxd5 18. Qf2 Bg5 19. Rf5 Bxe3 20. Qxe3 Rfe8 21.
Qf2 Rad8 22. Nc5 Rxe2 23. Qxe2 Nd4 24. Qe5 Qxc5 25. Rf2 Nxc2 26. Rc1 Qe3 27.
Qxe3 Nxe3 28. Rd2 f5 29. Rc5 Kf7 30. Rc7+ Kf6 31. b3 Re8 32. Rc3 f4 33. h3 Re5
34. Rdd3 Ke6 35. Kh2 Nf1+ 0-1

[Event "Commonwealth Championship 3rd"]
[Site "Docklands, London"]
[Date "1985.02.23"]
[Round "8"]
[White "Short, Nigel D"]
[Black "King, Daniel J"]
[Result "1-0"]
[WhiteElo "2535"]
[BlackElo "2425"]
[PlyCount "51"]
[EventDate "1985.02.16"]
[EventType "swiss"]
[EventRounds "11"]
[EventCountry "ENG"]
[SourceTitle "BritBase"]
[Source "John Saunders"]
[SourceDate "2022.12.30"]
[SourceVersion "1"]
[SourceVersionDate "2022.12.30"]
[SourceQuality "1"]

1. e4 c5 2. Nf3 d6 3. d4 cxd4 4. Nxd4 Nf6 5. Nc3 a6 6. a4 e6 7. Be2 Nbd7 8. f4
b6 9. Bf3 Bb7 10. Qe2 e5 11. Nf5 g6 12. fxe5 Nxe5 13. Nh6 Bg7 14. O-O Qc7 15.
Bg5 Ng8 16. Nxg8 Rxg8 17. Kh1 h5 18. Qf2 Rf8 19. Be2 f5 20. exf5 Rxf5 21. Qg3
Rxf1+ 22. Rxf1 Qc6 23. Nb5 Qxc2 24. Qh3 Ng4 25. Bxg4 hxg4 26. Qe3+ 1-0

[Event "Commonwealth Championship 3rd"]
[Site "Docklands, London"]
[Date "1985.02.23"]
[Round "8"]
[White "Watson, William N"]
[Black "Law, Andrew P"]
[Result "1-0"]
[WhiteElo "2460"]
[BlackElo "2335"]
[PlyCount "77"]
[EventDate "1985.02.16"]
[EventType "swiss"]
[EventRounds "11"]
[EventCountry "ENG"]
[SourceTitle "BritBase"]
[Source "John Saunders"]
[SourceDate "2022.12.30"]
[SourceVersion "1"]
[SourceVersionDate "2022.12.30"]
[SourceQuality "1"]

1. e4 e5 2. Nf3 Nc6 3. Bb5 a6 4. Ba4 Nf6 5. O-O Be7 6. Re1 b5 7. Bb3 O-O 8. a4
Bb7 9. d3 d6 10. Nc3 Na5 11. Ba2 b4 12. Ne2 c5 13. Ng3 Rb8 14. c3 b3 15. Bb1
Re8 16. d4 Bf8 17. h3 h6 18. d5 g6 19. Bd3 c4 20. Be2 Bg7 21. Be3 Bc8 22. Rf1
Qc7 23. Nh2 Kh7 24. Qd2 Re7 25. Kh1 Bd7 26. f4 exf4 27. Rxf4 Be8 28. Rh4 h5 29.
Rf1 Nd7 30. Bxh5 Kg8 31. Bg4 f6 32. Bh6 Bh8 33. Be6+ Bf7 34. Bxd7 Rxd7 35. Ng4
Qd8 36. Bg5 fxg5 37. Nh6+ Kg7 38. Nxf7 gxh4 39. Qh6+ 1-0

[Event "Commonwealth Championship 3rd"]
[Site "Docklands, London"]
[Date "1985.02.24"]
[Round "9"]
[White "Barber, Haydn"]
[Black "Hebden, Mark L"]
[Result "1-0"]
[WhiteElo "2270"]
[BlackElo "2480"]
[PlyCount "79"]
[EventDate "1985.02.16"]
[EventType "swiss"]
[EventRounds "11"]
[EventCountry "ENG"]
[SourceTitle "BritBase"]
[Source "John Saunders"]
[SourceDate "2022.12.30"]
[SourceVersion "1"]
[SourceVersionDate "2022.12.30"]
[SourceQuality "1"]

1. e4 e5 2. Nf3 Nc6 3. Bb5 a6 4. Bxc6 dxc6 5. O-O Bd6 6. d4 exd4 7. Qxd4 f6 8.
Be3 Be6 9. Nbd2 Ne7 10. Rfd1 Ng6 11. Nc4 Bxc4 12. Qxc4 Qe7 13. b4 O-O-O 14. a4
Rhe8 15. b5 Qxe4 16. Rd4 cxb5 17. axb5 axb5 18. Qxb5 Qc6 19. Qf5+ Kb8 20. Rda4
b5 21. Nd4 Qxg2+ 22. Kxg2 Nh4+ 23. Kf1 Nxf5 24. Ra8+ Kb7 25. R1a7+ Kb6 26.
Nxf5+ Kc6 27. Ra6+ Kd5 28. Rxd8 Rxd8 29. Nxg7 Bxh2 30. f4 Bg3 31. Ke2 c6 32.
Nf5 Bh2 33. Kf3 c5 34. Rxf6 Kc4 35. Rc6 Rd5 36. Ke4 Rd1 37. Rxc5+ Kb4 38. c3+
Ka4 39. Nd4 h6 40. Rc6 1-0

[Event "Commonwealth Championship 3rd"]
[Site "Docklands, London"]
[Date "1985.02.24"]
[Round "9"]
[White "Chandler, Murray G"]
[Black "Watson, William N"]
[Result "1-0"]
[WhiteElo "2585"]
[BlackElo "2460"]
[PlyCount "67"]
[EventDate "1985.02.16"]
[EventType "swiss"]
[EventRounds "11"]
[EventCountry "ENG"]
[SourceTitle "BritBase"]
[Source "John Saunders"]
[SourceDate "2022.12.30"]
[SourceVersion "1"]
[SourceVersionDate "2022.12.30"]
[SourceQuality "1"]

1. d4 Nf6 2. c4 g6 3. Nf3 Bg7 4. g3 O-O 5. Bg2 d6 6. Nc3 Nbd7 7. O-O e5 8. e4
c6 9. h3 Qb6 10. dxe5 Nxe5 11. b3 Nxf3+ 12. Qxf3 Nxe4 13. Nxe4 Bxa1 14. Bh6 Qd4
15. Rd1 Qe5 16. Bxf8 Kxf8 17. Nxd6 f5 18. Qd3 Rb8 19. f4 Qc5+ 20. Kh2 Bf6 21.
b4 Qxb4 22. Qe3 Bd7 23. Qxa7 Re8 24. Nxe8 Bxe8 25. Qb8 Qxc4 26. Re1 Qf7 27. a4
h5 28. h4 Qd7 29. Rb1 c5 30. Rxb7 Qd2 31. Qc7 Qd4 32. a5 Bd8 33. Qh7 Bxa5 34.
Qe7+ 1-0

[Event "Commonwealth Championship 3rd"]
[Site "Docklands, London"]
[Date "1985.02.24"]
[Round "9"]
[White "Condie, Mark L"]
[Black "Carton, Pat"]
[Result "1-0"]
[WhiteElo "2380"]
[BlackElo "2300"]
[PlyCount "51"]
[EventDate "1985.02.16"]
[EventType "swiss"]
[EventRounds "11"]
[EventCountry "ENG"]
[SourceTitle "BritBase"]
[Source "John Saunders"]
[SourceDate "2022.12.30"]
[SourceVersion "1"]
[SourceVersionDate "2022.12.30"]
[SourceQuality "1"]

1. d4 Nf6 2. Nf3 e6 3. c4 a6 4. Nc3 c5 5. e3 b6 6. Bd3 g6 7. O-O Bg7 8. b3 O-O
9. Ne4 Nxe4 10. Bxe4 d5 11. cxd5 exd5 12. Bd3 Nc6 13. Ba3 cxd4 14. Bxf8 Qxf8
15. Rc1 Nb4 16. Bb1 d3 17. a3 Nc2 18. Bxc2 dxc2 19. Qxc2 Bf5 20. Qa2 Qd6 21.
Nd4 Bd7 22. a4 Re8 23. Qc2 Be5 24. Nf3 Rc8 25. Qd3 Bb2 26. Rxc8+ 1-0

[Event "Commonwealth Championship 3rd"]
[Site "Docklands, London"]
[Date "1985.02.24"]
[Round "9"]
[White "Davies, Nigel Rodney"]
[Black "Bellin, Robert"]
[Result "1/2-1/2"]
[WhiteElo "2355"]
[BlackElo "2390"]
[PlyCount "28"]
[EventDate "1985.02.16"]
[EventType "swiss"]
[EventRounds "11"]
[EventCountry "ENG"]
[SourceTitle "BritBase"]
[Source "John Saunders"]
[SourceDate "2022.12.30"]
[SourceVersion "1"]
[SourceVersionDate "2022.12.30"]
[SourceQuality "1"]

1. Nf3 e6 2. g3 f5 3. Bg2 Nf6 4. O-O Be7 5. d4 O-O 6. c4 c6 7. b3 a5 8. Nc3 d5
9. Bb2 Ne4 10. e3 Nd7 11. Ne2 g5 12. Ne1 b5 13. cxb5 cxb5 14. Nd3 b4 1/2-1/2

[Event "Commonwealth Championship 3rd"]
[Site "Docklands, London"]
[Date "1985.02.24"]
[Round "9"]
[White "Hodgson, Julian M"]
[Black "Nunn, John DM"]
[Result "1/2-1/2"]
[WhiteElo "2455"]
[BlackElo "2615"]
[PlyCount "36"]
[EventDate "1985.02.16"]
[EventType "swiss"]
[EventRounds "11"]
[EventCountry "ENG"]
[SourceTitle "BritBase"]
[Source "John Saunders"]
[SourceDate "2022.12.30"]
[SourceVersion "1"]
[SourceVersionDate "2022.12.30"]
[SourceQuality "1"]

1. c4 e5 2. g3 d6 3. Bg2 Nc6 4. Nc3 g6 5. e3 Bg7 6. Nge2 Nge7 7. O-O Bg4 8. d3
Qd7 9. Nd5 O-O 10. f3 Be6 11. Nec3 Rab8 12. b3 a6 13. Bb2 b5 14. Qd2 b4 15.
Nxe7+ Nxe7 16. Ne4 h6 17. d4 f5 18. Nf2 Rfd8 1/2-1/2

[Event "Commonwealth Championship 3rd"]
[Site "Docklands, London"]
[Date "1985.02.24"]
[Round "9"]
[White "Hon, Kah Seng Christie"]
[Black "Law, Andrew P"]
[Result "1-0"]
[WhiteElo "2345"]
[BlackElo "2335"]
[PlyCount "85"]
[EventDate "1985.02.16"]
[EventType "swiss"]
[EventRounds "11"]
[EventCountry "ENG"]
[SourceTitle "BritBase"]
[Source "John Saunders"]
[SourceDate "2022.12.30"]
[SourceVersion "1"]
[SourceVersionDate "2022.12.30"]
[SourceQuality "1"]

1. f4 d5 2. Nf3 Nf6 3. b3 g6 4. Bb2 Bg7 5. e3 O-O 6. Be2 c5 7. O-O Nc6 8. Bb5
Qc7 9. h3 b6 10. a4 Bb7 11. Bxc6 Qxc6 12. d3 Rad8 13. Nbd2 d4 14. e4 Nh5 15.
Nh4 Qc7 16. Qg4 Bh6 17. g3 Bg7 18. Kh2 Nf6 19. Qe2 Nd7 20. Rae1 a6 21. Ndf3 b5
22. axb5 axb5 23. e5 e6 24. b4 cxb4 25. Nd2 Qc5 26. Nhf3 Nb6 27. Nb3 Qd5 28.
Ng5 Na4 29. Bxd4 Rd7 30. Ne4 Rc8 31. Rf2 Nc3 32. Bxc3 bxc3 33. Ra1 Rdc7 34.
Rff1 Ra8 35. Rxa8+ Bxa8 36. Ra1 Rc8 37. Qe3 h6 38. Ra7 g5 39. Nbc5 b4 40. Nd7
Qc6 41. fxg5 Rc7 42. gxh6 Rxa7 43. Qg5 1-0

[Event "Commonwealth Championship 3rd"]
[Site "Docklands, London"]
[Date "1985.02.24"]
[Round "9"]
[White "Jackson, Sheila"]
[Black "Ady, Jonathan James"]
[Result "1-0"]
[WhiteElo "2235"]
[BlackElo "2305"]
[PlyCount "35"]
[EventDate "1985.02.16"]
[EventType "swiss"]
[EventRounds "11"]
[EventCountry "ENG"]
[SourceTitle "BritBase"]
[Source "John Saunders"]
[SourceDate "2022.12.30"]
[SourceVersion "1"]
[SourceVersionDate "2022.12.30"]
[SourceQuality "1"]

1. e4 Nf6 2. e5 Nd5 3. d4 d6 4. Nf3 Nc6 5. Be2 dxe5 6. dxe5 Bg4 7. O-O e6 8.
Re1 Be7 9. a3 O-O 10. Bd2 Qd7 11. Nc3 Rad8 12. Nxd5 Qxd5 13. Bc3 Qe4 14. Bd3
Qf4 15. Bd2 Qa4 16. Re4 Bxf3 17. Qxf3 Nd4 18. Qh3 1-0

[Event "Commonwealth Championship 3rd"]
[Site "Docklands, London"]
[Date "1985.02.24"]
[Round "9"]
[White "Martin, Andrew D"]
[Black "Speelman, Jonathan S"]
[Result "1/2-1/2"]
[WhiteElo "2425"]
[BlackElo "2530"]
[PlyCount "31"]
[EventDate "1985.02.16"]
[EventType "swiss"]
[EventRounds "11"]
[EventCountry "ENG"]
[SourceTitle "BritBase"]
[Source "John Saunders"]
[SourceDate "2022.12.30"]
[SourceVersion "1"]
[SourceVersionDate "2022.12.30"]
[SourceQuality "1"]

1. d4 Nf6 2. c4 e6 3. Nc3 Bb4 4. e3 O-O 5. Bd3 c5 6. a3 cxd4 7. axb4 dxc3 8.
Nf3 d5 9. c5 b6 10. cxb6 Qxb6 11. bxc3 Qc7 12. Bb2 e5 13. Be2 Nbd7 14. O-O Re8
15. Ra5 Nb6 16. Nd2 1/2-1/2

[Event "Commonwealth Championship 3rd"]
[Site "Docklands, London"]
[Date "1985.02.24"]
[Round "9"]
[White "Orr, Mark JL"]
[Black "Johansen, Darryl Keith"]
[Result "1/2-1/2"]
[WhiteElo "2320"]
[BlackElo "2425"]
[Annotator "Johansen,D"]
[PlyCount "154"]
[EventDate "1985.02.16"]
[EventType "swiss"]
[EventRounds "11"]
[EventCountry "ENG"]
[SourceTitle "BritBase"]
[Source "John Saunders"]
[SourceDate "2022.12.30"]
[SourceVersion "1"]
[SourceVersionDate "2022.12.30"]
[SourceQuality "1"]

1. Nf3 Nf6 2. c4 e6 3. Nc3 c5 4. d4 cxd4 5. Nxd4 Bb4 6. g3 Ne4 7. Qd3 Qa5 8.
Nb3 Nxc3 9. Bd2 Ne4 10. Qxe4 Bxd2+ 11. Nxd2 Nc6 12. Bg2 O-O 13. Qe3 d5 14. O-O
d4 15. Qd3 Rd8 16. a3 Ne5 17. Qc2 Qc7 18. Rac1 Bd7 $11 19. Nf3 Nxf3+ 20. Bxf3
Bc6 21. Qd3 a5 22. b3 e5 23. Bxc6 Qxc6 24. e4 $6 Qc5 $15 25. a4 $6 Ra6 26. f4
exf4 27. Rxf4 Re6 28. Rf5 Re5 29. Rxe5 Qxe5 30. Rd1 g6 31. Kg2 Kg7 32. Rd2 Qc5
33. Qf3 Qe5 34. Qd3 b6 35. Rd1 Rd7 36. Rd2 Qc5 37. Kf1 h6 38. Kg2 Qe5 39. Kf1
Rd6 40. Kg2 h5 41. h4 Kf8 42. Kf3 Ke7 43. Kg2 g5 44. hxg5 Qxg5 $17 45. Rf2 h4
46. Rf3 hxg3 47. Rxg3 Qf4 48. Qf3 Qxf3+ 49. Kxf3 d3 50. Rg1 Ke6 51. Ke3 d2 52.
Rd1 Ke5 53. Rxd2 Rxd2 54. Kxd2 Kxe4 $19 55. Kc3 f5 56. b4 axb4+ 57. Kxb4 Kd4 (
57... f4 $19) 58. Kb5 f4 59. Kxb6 f3 60. c5 f2 61. c6 f1=Q 62. c7 Qf8 63. Kb7
Qe7 64. Kb8 Qb4+ 65. Ka7 Qa5+ 66. Kb7 Qb4+ 67. Ka7 Qxa4+ 68. Kb7 Qb4+ 69. Ka7
Qe7 70. Ka8 Qa3+ 71. Kb7 Qb4+ 72. Ka7 Qc5+ 73. Kb7 Qb5+ 74. Ka7 Qd7 75. Kb8 Qd6
76. Kb7 Qe7 77. Ka8 Qxc7 1/2-1/2

[Event "Commonwealth Championship 3rd"]
[Site "Docklands, London"]
[Date "1985.02.24"]
[Round "9"]
[White "Pein, Malcolm"]
[Black "Sathe, Bhagyashree"]
[Result "1-0"]
[WhiteElo "2370"]
[BlackElo "2075"]
[PlyCount "43"]
[EventDate "1985.02.16"]
[EventType "swiss"]
[EventRounds "11"]
[EventCountry "ENG"]
[SourceTitle "BritBase"]
[Source "John Saunders"]
[SourceDate "2022.12.30"]
[SourceVersion "1"]
[SourceVersionDate "2022.12.30"]
[SourceQuality "1"]

1. d4 d5 2. c4 e6 3. Nc3 c5 4. cxd5 exd5 5. Nf3 Nc6 6. g3 Nf6 7. Bg2 Be7 8. O-O
O-O 9. Bg5 Be6 10. dxc5 Bxc5 11. Rc1 Bb6 12. Na4 h6 13. Bxf6 Qxf6 14. Ne1 Rfd8
15. Nd3 Qe7 16. a3 Bc7 17. Re1 Na5 18. Nb4 d4 19. Nc5 Bb6 20. Nxe6 Qxe6 21. Nd3
Nb3 22. Nf4 1-0